CIties in the Fallout Universe - Statistics

General Stats
  • This quiz has been taken 48 times
    30 since last reset
  • The average score is 23 of 40
Answer Stats
Appearance State Hint Answer % Correct
FoNV Nevada Namesake of the game, led by Mr. House New Vegas
100%
Fo4 Massachusetts Built inside the remains of Fenway Park Diamond City
94%
Fo4 Maine Site of a DLC with the same name as the town Far Harbor
83%
Fo1/Fo2 California Capital of the NCR Shady Sands
83%
Fo3 Virginia Built around a Un-detonated warhead Megaton
78%
Fo3 Washington DC Built inside a decaying aircraft carrier Rivet City
78%
Fo1/FoTV California Post-war Los Angeles Boneyard
72%
FoNV Nevada Where the Courier recovers after being shot Goodsprings
72%
FoNV Nevada Town with a dinosaur statue Novac
72%
Fo3 Pennsylvania Town where slaves work, also the site of a DLC The Pitt
72%
Fo4 Massachusetts Trading settlement built around a pre-war monument Bunker Hill
67%
Fo2 Nevada Built in the remains of the 3rd largest city in pre-war Nevada New Reno
67%
Fo3 Maryland Farming settlement led by Dave Republic of Dave
67%
Fo3 Virginia Founded by Alistair Tenpenny Tenpenny Tower
67%
Fo2 Nevada The dwellers of Vault 8 established this city after emerging from the vault Vault City
67%
Fo1 California Ghoul settlement above Vault 12 Necropolis
61%
Fo2 Oregon Founded by the Vault Dweller and his alles Arroyo
56%
Fo4 Massachusetts Established by people exiled from the one above Goodneighbor
56%
FoNV Nevada Settled by Super Mutants Jacobstown
56%
Fo3 Virginia Cave inhabited by kids Little Lamplight
56%
None Arizona Pre-war capital of Arizona Phoenix
56%
None Arizona Post-war Tucson Two-Sun
56%
Fo4 Massachusetts Inhabited vault west of Boston Vault 81
56%
Fo4 Massachusetts Clean settlement north of Cambridge that tortures suspected synths Covenant
50%
Fo1 California Second major city to join the NCR Junktown
50%
Fo2 Oregon Built in the ruins of Klamath Falls Klamath
50%
Fo4 Massachusetts? Inhabited by 3 raider gangs Nuka-World
50%
FoNV California Remains of Hopeville and Ashton The Divide
50%
Fo1 California Largest trading center in the NCR The Hub
50%
Fo4 Massachusetts Tarberry farm a bit west of Salem The Slog
50%
FoTV California Located somewhere near Santa Monica Filly
44%
None Arizona Capital of The Legion Flagstaff
44%
None California Post-war San Diego Dayglow
39%
None Colorado Post-war Denver Dog City
39%
Fo3 Virginia Its residents claim it is the "Greatest town in Virginia" Andale
33%
None Utah Mormon settlement New Canaan
33%
Fo2 Nevada Mining Settlement Broken Hills
28%
Fo2 Nevada? Built around a Poseidon Turbine Gecko
28%
Fo2 California Slightly east of the above The Squat
17%
FoNV Utah The Sorrows, The Dead Horses, and the White Legs settled here Zion Valley
17%
No matching quizzes found
Score Distribution
Percent of People with Each Score
Percentile by Number Answered
Your Score History
You have not taken this quiz since the last reset